000 00444nam a2200181Ia 4500
001 17110
005 20260306170401.0
008 260306t1998||||xx |||||||||||||| ||und||
041 _aESP
082 _a657.458
_bM27
100 _aMas, Jordi
_eAUT
245 0 _aLa auditoría operativa en la práctica:
_btécnicas de mejora organizativa
260 _c1998
300 _a
_c
650 _aGEN
654 _aCCO
942 _cLIB
_dJUS
_fJUS
_2ddc
_n
999 _c17110
_d17110